01222nam a2200277 i 4500001001000000003000900010005001700019007000300036008004100039040003000080082001900110100004500129245007800174264003700252300004300289336002700332337003300359338002800392590002500420910000700445942001400452952010900466952011000575952024200685999001700927000047840DO-SdBNP20241115091600.0ta180829s1994 dr a 000 spa d aDO-SdBNPbspacBNPHUerda axxxbP438g2221 aPérez Stefan, Reynolds Jeautor938778 0aGuía romántica de la vega y su pasado. /cReynolds J. Pérez Stefan. aSanto Domingo :bSusaeta,c1994. a217 páginas :bilustracionesc20 cm. ardacontentbtexto2txt ardamediabsin mediación2n ardacarrierbvolumen2nc aInventariado,2018/DG aDG 2ddccLBS1 0010718PDaPDbPDcHDd2018-08-29iLF1l0oxxx Pp47840-10r2020-06-25w2020-06-25yLFPDZNo se presta 00107-18PDaPDbPDcOId2018-08-29iLF1l0oxxx Pp47841-10r2020-06-25w2020-06-25yLFPDZNo se presta 00102ddc56708DSaBNPHUbBNPHUcCTd2024-11-15eDonado por la Presidencia de la República Dominicana 2023l0oBNPHU DS P438gp2024-6438r2024-11-15te.3w2024-11-15yLBS1zPertenecio a la biblioteca personal de Emilio Cordero Michel c47328d47328